<?xml version="1.0" encoding="UTF-8"?>
<record
    xmlns:xsi="http://www.w3.org/2001/XMLSchema-instance"
    xsi:schemaLocation="http://www.loc.gov/MARC21/slim http://www.loc.gov/standards/marcxml/schema/MARC21slim.xsd"
    xmlns="http://www.loc.gov/MARC21/slim">

  <leader>01865nam a2200265 a 4500</leader>
  <controlfield tag="001">000048130</controlfield>
  <controlfield tag="003">OSt</controlfield>
  <controlfield tag="005">20210215120001.0</controlfield>
  <controlfield tag="007">ta</controlfield>
  <controlfield tag="008">181119s2006    dr     frl    000   spa d</controlfield>
  <datafield tag="040" ind1=" " ind2=" ">
    <subfield code="a">DO-SdBNP</subfield>
    <subfield code="b">spa</subfield>
    <subfield code="c">BNPHU</subfield>
  </datafield>
  <datafield tag="082" ind1=" " ind2=" ">
    <subfield code="a">BNPHU-xxx</subfield>
    <subfield code="b">R377i</subfield>
  </datafield>
  <datafield tag="245" ind1=" " ind2="0">
    <subfield code="a">Reglamento interno estatutario y leyes 6160, 6201 y 6200.</subfield>
  </datafield>
  <datafield tag="260" ind1=" " ind2=" ">
    <subfield code="a">Santo Domingo :</subfield>
    <subfield code="b">CODIA ,</subfield>
    <subfield code="c">2006.</subfield>
  </datafield>
  <datafield tag="300" ind1=" " ind2=" ">
    <subfield code="a">94 p. ;</subfield>
    <subfield code="c">22 cm.</subfield>
  </datafield>
  <datafield tag="500" ind1=" " ind2=" ">
    <subfield code="a">Incluye himno al CODIA en la tapa trasera.</subfield>
  </datafield>
  <datafield tag="505" ind1="0" ind2=" ">
    <subfield code="a">Ley 6160</subfield>
  </datafield>
  <datafield tag="505" ind1="0" ind2=" ">
    <subfield code="a">Ley 6201</subfield>
  </datafield>
  <datafield tag="505" ind1="0" ind2=" ">
    <subfield code="a">Ley 6200</subfield>
  </datafield>
  <datafield tag="505" ind1="0" ind2=" ">
    <subfield code="a">Reglamento interno estatutario:</subfield>
    <subfield code="t">I.      nombre y domicilio.
II.     fines del colegio.
III.    de los miembros.
IV.    deberes y derechos de los miembros.
V.     de las inscripciones.
VI.    organizaci&#xF3;n interna.
VII.   de la asamblea general.
VIII.  de la asamblea de representantes
IX.    de la junta directiva.
X.     del secretario general
XI.    de los deberes y atribuciones de los funcionarios.
XII.   tribunal disciplinario.
XIII.  de la comisi&#xF3;n de defensa.
XIV.  de las delegaciones regionales o provinciales del colegio.
XV.   de los n&#xFA;cleos profesionales.   
XVI.  de las elecciones.
XVII.  de los derechos, tasas y cuotas.
XVIII  modificaci&#xF3;n del reglamento interno estatutario.
XIX.   disoluci&#xF3;n del colegio.
XX.    de los documentos del ejercicio profesional.</subfield>
  </datafield>
  <datafield tag="505" ind1="0" ind2=" ">
    <subfield code="a">Ap&#xE9;ndices :</subfield>
    <subfield code="t">1. reglamento para el procedimiento parlamentario.
2. c&#xF3;digo de &#xE9;tica profesional.
3. reglamento electoral.
4. reglamento interno de la comisi&#xF3;n de defensa.
5. reglamento del tribunal disciplinario.
6. reglamento para la nominaci&#xF3;n y elecci&#xF3;n del codiano del a&#xF1;o 91.
7. reglamento colegiado distinguido.</subfield>
  </datafield>
  <datafield tag="590" ind1=" " ind2=" ">
    <subfield code="a">Inventariado, 2018 / DG</subfield>
  </datafield>
  <datafield tag="710" ind1=" " ind2=" ">
    <subfield code="a">Colegio Dominicano de ingenieros arquitecto y agrimensores (CODIA)</subfield>
    <subfield code="9">77754</subfield>
  </datafield>
  <datafield tag="942" ind1=" " ind2=" ">
    <subfield code="2">ddc</subfield>
    <subfield code="c">LF1</subfield>
  </datafield>
  <datafield tag="952" ind1=" " ind2=" ">
    <subfield code="0">0</subfield>
    <subfield code="1">0</subfield>
    <subfield code="2">ddc</subfield>
    <subfield code="7">1</subfield>
    <subfield code="8">PD</subfield>
    <subfield code="a">PD</subfield>
    <subfield code="b">PD</subfield>
    <subfield code="c">HD</subfield>
    <subfield code="d">2018-11-19</subfield>
    <subfield code="i">LF1</subfield>
    <subfield code="l">0</subfield>
    <subfield code="o">BNPHU- xxx R377i</subfield>
    <subfield code="p">48130-10</subfield>
    <subfield code="r">2020-06-25</subfield>
    <subfield code="w">2020-06-25</subfield>
    <subfield code="y">LFPD</subfield>
  </datafield>
  <datafield tag="999" ind1=" " ind2=" ">
    <subfield code="c">47618</subfield>
    <subfield code="d">47618</subfield>
  </datafield>
</record>
